[Event "ODJM B 2025"]
[Site "Willingen GER"]
[Date "2025.06.08"]
[Round "2"]
[White "Huppert, Anna"]
[Black "Prigandt, Junis"]
[Result "1-0"]
[Termination "normal"]
[Board "66"]
[WhiteElo "1630"]
[BlackElo "1539"]
[WhiteClock "00:17:10"]
[BlackClock "00:34:01"]
[PlyCount "45"]
[WhiteFideId "16214439"]
[BlackFideId "34631712"]
[EventCountry "GER"]
[EventRounds "9"]
[EventType "swiss"]
[EventDate "2025.06.07"]

1. e4 {[%clk 01:30:58]} {[%emt 00:00:02]} c5 {[%clk 01:30:57]} {[%emt
00:00:03]} 2. Nc3 {[%clk 01:31:00]} {[%emt 00:00:28]} Nc6 {[%clk 01:31:06]}
{[%emt 00:00:22]} 3. f4 {[%clk 01:30:43]} {[%emt 00:00:46]} d6 {[%clk
01:30:23]} {[%emt 00:01:13]} 4. Bb5 {[%clk 01:31:06]} {[%emt 00:00:06]} Bd7
{[%clk 01:29:03]} {[%emt 00:01:50]} 5. Bxc6 {[%clk 01:31:18]} {[%emt 00:00:18]}
Bxc6 {[%clk 01:29:25]} {[%emt 00:00:08]} 6. Nf3 {[%clk 01:31:31]} {[%emt
00:00:17]} g6 {[%clk 01:28:41]} {[%emt 00:01:15]} 7. d3 {[%clk 01:31:50]}
{[%emt 00:00:11]} Bg7 {[%clk 01:28:43]} {[%emt 00:00:28]} 8. Be3 {[%clk
01:31:20]} {[%emt 00:01:00]} e6 {[%clk 01:28:13]} {[%emt 00:01:00]} 9. Qd2
{[%clk 01:31:22]} {[%emt 00:00:28]} b6 {[%clk 01:25:38]} {[%emt 00:03:06]} 10.
O-O {[%clk 01:28:59]} {[%emt 00:02:52]} d5 {[%clk 01:25:14]} {[%emt 00:00:54]}
11. exd5 {[%clk 01:27:40]} {[%emt 00:01:49]} exd5 {[%clk 01:25:23]} {[%emt
00:00:21]} 12. Rae1 {[%clk 01:26:11]} {[%emt 00:01:59]} Ne7 {[%clk 01:24:05]}
{[%emt 00:01:48]} 13. d4 {[%clk 01:24:39]} {[%emt 00:02:03]} Qd6 {[%clk
01:20:41]} {[%emt 00:03:53]} 14. Ne5 {[%clk 01:13:30]} {[%emt 00:11:41]} O-O
{[%clk 01:15:11]} {[%emt 00:06:00]} 15. Ne2 {[%clk 00:46:31]} {[%emt 00:27:28]}
Nf5 {[%clk 01:08:45]} {[%emt 00:06:55]} 16. Bf2 {[%clk 00:42:46]} {[%emt
00:04:15]} Rfe8 {[%clk 01:04:05]} {[%emt 00:05:10]} 17. g4 {[%clk 00:33:43]}
{[%emt 00:09:34]} Nh6 {[%clk 00:54:30]} {[%emt 00:10:05]} 18. h3 {[%clk
00:25:43]} {[%emt 00:08:30]} Bxe5 {[%clk 00:51:13]} {[%emt 00:03:46]} 19. fxe5
{[%clk 00:25:01]} {[%emt 00:01:12]} Qf8 {[%clk 00:49:12]} {[%emt 00:02:31]} 20.
Be3 {[%clk 00:22:15]} {[%emt 00:03:17]} g5 {[%clk 00:45:44]} {[%emt 00:03:58]}
21. Bxg5 {[%clk 00:20:19]} {[%emt 00:02:26]} Nxg4 {[%clk 00:34:52]} {[%emt
00:11:22]} 22. hxg4 {[%clk 00:19:47]} {[%emt 00:01:02]} Re6 {[%clk 00:34:01]}
{[%emt 00:01:21]} 23. Rf6 {[%clk 00:17:10]} {[%emt 00:03:08]} 1-0

[Event "ODJM B 2025"]
[Site "Willingen GER"]
[Date "2025.06.08"]
[Round "2"]
[White "Menke, Xaver Louis"]
[Black "de Cauter, Leah"]
[Result "0-1"]
[Termination "normal"]
[Board "67"]
[WhiteElo "1631"]
[BlackElo "1649"]
[WhiteClock "02:02:59"]
[BlackClock "00:07:29"]
[PlyCount "108"]
[WhiteFideId "34663134"]
[BlackFideId "16222350"]
[EventCountry "GER"]
[EventRounds "9"]
[EventType "swiss"]
[EventDate "2025.06.07"]

1. e4 {[%clk 01:30:57]} {[%emt 00:00:03]} c5 {[%clk 01:30:54]} {[%emt
00:00:06]} 2. Nf3 {[%clk 01:31:19]} {[%emt 00:00:08]} g6 {[%clk 01:31:17]}
{[%emt 00:00:07]} 3. d4 {[%clk 01:31:43]} {[%emt 00:00:06]} cxd4 {[%clk
01:30:55]} {[%emt 00:00:52]} 4. Nxd4 {[%clk 01:32:04]} {[%emt 00:00:09]} Bg7
{[%clk 01:31:11]} {[%emt 00:00:13]} 5. c4 {[%clk 01:32:02]} {[%emt 00:00:32]}
Nc6 {[%clk 01:21:18]} {[%emt 00:10:23]} 6. Be3 {[%clk 01:32:12]} {[%emt
00:00:19]} Nf6 {[%clk 01:14:23]} {[%emt 00:07:25]} 7. f3 {[%clk 01:32:16]}
{[%emt 00:00:26]} Qb6 {[%clk 01:12:03]} {[%emt 00:02:49]} 8. Qd2 {[%clk
01:30:29]} {[%emt 00:02:18]} Nxe4 {[%clk 00:38:43]} {[%emt 00:33:51]} 9. fxe4
{[%clk 01:28:29]} {[%emt 00:02:27]} Bxd4 {[%clk 00:31:43]} {[%emt 00:07:32]}
10. Bxd4 {[%clk 01:28:21]} {[%emt 00:00:38]} Qxd4 {[%clk 00:29:07]} {[%emt
00:03:07]} 11. Qxd4 {[%clk 01:28:26]} {[%emt 00:00:23]} Nxd4 {[%clk 00:29:11]}
{[%emt 00:00:28]} 12. Bd3 {[%clk 01:28:38]} {[%emt 00:00:16]} O-O {[%clk
00:28:36]} {[%emt 00:01:06]} 13. O-O {[%clk 01:28:51]} {[%emt 00:00:16]} b6
{[%clk 00:21:19]} {[%emt 00:07:48]} 14. Nc3 {[%clk 01:28:38]} {[%emt 00:00:42]}
e6 {[%clk 00:20:50]} {[%emt 00:01:00]} 15. e5 {[%clk 01:28:11]} {[%emt
00:00:57]} Bb7 {[%clk 00:16:44]} {[%emt 00:04:37]} 16. Be4 {[%clk 01:27:56]}
{[%emt 00:00:41]} Bxe4 {[%clk 00:12:44]} {[%emt 00:04:34]} 17. Nxe4 {[%clk
01:28:17]} {[%emt 00:00:09]} Kg7 {[%clk 00:10:44]} {[%emt 00:02:29]} 18. Rad1
{[%clk 01:28:05]} {[%emt 00:00:41]} Nc6 {[%clk 00:08:41]} {[%emt 00:02:35]} 19.
Rxd7 {[%clk 01:27:32]} {[%emt 00:01:03]} Nxe5 {[%clk 00:09:00]} {[%emt
00:00:11]} 20. Rd4 {[%clk 01:27:29]} {[%emt 00:00:29]} Rfd8 {[%clk 00:07:26]}
{[%emt 00:02:06]} 21. Rxd8 {[%clk 01:27:23]} {[%emt 00:00:37]} Rxd8 {[%clk
00:07:50]} {[%emt 00:00:07]} 22. b3 {[%clk 01:27:33]} {[%emt 00:00:20]} h6
{[%clk 00:07:33]} {[%emt 00:00:47]} 23. h3 {[%clk 01:27:32]} {[%emt 00:00:30]}
Nc6 {[%clk 00:06:28]} {[%emt 00:01:35]} 24. Kh2 {[%clk 01:27:45]} {[%emt
00:00:17]} f5 {[%clk 00:06:25]} {[%emt 00:00:34]} 25. Nc3 {[%clk 01:27:55]}
{[%emt 00:00:19]} Rd3 {[%clk 00:05:46]} {[%emt 00:01:03]} 26. Nb5 {[%clk
01:28:09]} {[%emt 00:00:23]} Rd2 {[%clk 00:06:00]} {[%emt 00:00:15]} 27. Ra1
{[%clk 01:28:15]} {[%emt 00:00:20]} e5 {[%clk 00:06:12]} {[%emt 00:00:22]} 28.
a3 {[%clk 01:28:27]} {[%emt 00:00:19]} e4 {[%clk 00:06:28]} {[%emt 00:00:14]}
29. Kg3 {[%clk 01:28:46]} {[%emt 00:00:10]} Rd3+ {[%clk 00:06:43]} {[%emt
00:00:16]} 30. Kf4 {[%clk 01:28:58]} {[%emt 00:00:17]} Rxb3 {[%clk 00:06:33]}
{[%emt 00:00:40]} 31. Nc7 {[%clk 01:29:10]} {[%emt 00:00:16]} Kf6 {[%clk
00:05:42]} {[%emt 00:01:22]} 32. Nd5+ {[%clk 01:29:32]} {[%emt 00:00:09]} Kf7
{[%clk 00:04:39]} {[%emt 00:01:33]} 33. h4 {[%clk 01:29:39]} {[%emt 00:00:23]}
Nd4 {[%clk 00:04:20]} {[%emt 00:00:48]} 34. Ke5 {[%clk 01:29:43]} {[%emt
00:00:25]} Nc2 {[%clk 00:04:15]} {[%emt 00:00:37]} 35. Rd1 {[%clk 01:30:06]}
{[%emt 00:00:07]} Rd3 {[%clk 00:04:22]} {[%emt 00:00:23]} 36. Rc1 {[%clk
01:30:08]} {[%emt 00:00:28]} Nxa3 {[%clk 00:03:17]} {[%emt 00:01:36]} 37. h5
{[%clk 01:30:23]} {[%emt 00:00:13]} e3 {[%clk 00:02:58]} {[%emt 00:00:50]} 38.
hxg6+ {[%clk 01:30:38]} {[%emt 00:00:15]} Kg7 {[%clk 00:02:52]} {[%emt
00:00:36]} 39. Nf4 {[%clk 01:30:56]} {[%emt 00:00:11]} Rd7 {[%clk 00:02:10]}
{[%emt 00:01:12]} 40. Kxf5 {[%clk 01:31:09]} {[%emt 00:00:17]} Rd2 {[%clk
00:00:52]} {[%emt 00:01:47]} 41. Re1 {[%clk 01:31:20]} {[%emt 00:00:20]} Nxc4
{[%clk 00:17:20]} {[%emt 00:14:02]} 42. Rc1 {[%clk 02:01:19]} {[%emt 00:00:29]}
b5 {[%clk 00:16:55]} {[%emt 00:00:59]} 43. g3 {[%clk 02:01:08]} {[%emt
00:00:37]} e2 {[%clk 00:16:00]} {[%emt 00:01:28]} 44. Re1 {[%clk 02:00:39]}
{[%emt 00:00:56]} Ne3+ {[%clk 00:14:41]} {[%emt 00:01:52]} 45. Ke5 {[%clk
02:00:55]} {[%emt 00:00:14]} Nc2 {[%clk 00:14:13]} {[%emt 00:00:57]} 46. Rxe2
{[%clk 02:01:03]} {[%emt 00:00:22]} Rxe2+ {[%clk 00:14:10]} {[%emt 00:00:33]}
47. Nxe2 {[%clk 02:01:23]} {[%emt 00:00:10]} Kxg6 {[%clk 00:14:25]} {[%emt
00:00:15]} 48. Nc3 {[%clk 02:01:46]} {[%emt 00:00:07]} b4 {[%clk 00:13:38]}
{[%emt 00:01:17]} 49. Na4 {[%clk 02:02:10]} {[%emt 00:00:06]} Kg5 {[%clk
00:13:44]} {[%emt 00:00:23]} 50. Kd5 {[%clk 02:02:32]} {[%emt 00:00:08]} Kg4
{[%clk 00:13:42]} {[%emt 00:00:33]} 51. Kc4 {[%clk 02:02:12]} {[%emt 00:00:50]}
a5 {[%clk 00:13:10]} {[%emt 00:01:01]} 52. Kb3 {[%clk 02:02:28]} {[%emt
00:00:14]} Nd4+ {[%clk 00:12:50]} {[%emt 00:00:50]} 53. Kc4 {[%clk 02:02:41]}
{[%emt 00:00:17]} Ne2 {[%clk 00:09:33]} {[%emt 00:03:47]} 54. Kb5 {[%clk
02:02:59]} {[%emt 00:00:13]} Nc3+ {[%clk 00:07:29]} {[%emt 00:02:34]} 0-1

[Event "ODJM B 2025"]
[Site "Willingen GER"]
[Date "2025.06.08"]
[Round "2"]
[White "Ebel, Felix"]
[Black "Grunert, Greta"]
[Result "1-0"]
[Termination "normal"]
[Board "68"]
[WhiteElo "1605"]
[BlackElo "1558"]
[WhiteClock "00:39:00"]
[BlackClock "00:12:41"]
[PlyCount "119"]
[WhiteFideId "34651446"]
[BlackFideId "16258649"]
[EventCountry "GER"]
[EventRounds "9"]
[EventType "swiss"]
[EventDate "2025.06.07"]

1. e4 {[%clk 01:30:55]} {[%emt 00:00:04]} e5 {[%clk 01:30:53]} {[%emt
00:00:07]} 2. Nf3 {[%clk 01:31:21]} {[%emt 00:00:04]} Nc6 {[%clk 01:31:14]}
{[%emt 00:00:09]} 3. Bc4 {[%clk 01:31:48]} {[%emt 00:00:03]} Nf6 {[%clk
01:31:27]} {[%emt 00:00:17]} 4. Ng5 {[%clk 01:32:12]} {[%emt 00:00:05]} d5
{[%clk 01:31:37]} {[%emt 00:00:21]} 5. exd5 {[%clk 01:32:37]} {[%emt 00:00:05]}
Na5 {[%clk 01:31:38]} {[%emt 00:00:28]} 6. Bb5+ {[%clk 01:33:03]} {[%emt
00:00:05]} c6 {[%clk 01:31:36]} {[%emt 00:00:32]} 7. dxc6 {[%clk 01:33:29]}
{[%emt 00:00:04]} bxc6 {[%clk 01:31:54]} {[%emt 00:00:12]} 8. Bd3 {[%clk
01:33:47]} {[%emt 00:00:11]} Nd5 {[%clk 01:31:19]} {[%emt 00:01:05]} 9. Ne4
{[%clk 01:33:21]} {[%emt 00:00:55]} f5 {[%clk 01:25:46]} {[%emt 00:06:02]} 10.
Ng3 {[%clk 01:32:14]} {[%emt 00:01:39]} e4 {[%clk 01:24:42]} {[%emt 00:01:34]}
11. Be2 {[%clk 01:30:31]} {[%emt 00:02:13]} Bd6 {[%clk 01:21:14]} {[%emt
00:03:58]} 12. d3 {[%clk 01:28:47]} {[%emt 00:02:13]} exd3 {[%clk 01:14:42]}
{[%emt 00:07:03]} 13. Bxd3 {[%clk 01:26:15]} {[%emt 00:03:02]} Qf6 {[%clk
01:11:20]} {[%emt 00:03:50]} 14. O-O {[%clk 01:09:45]} {[%emt 00:17:02]} O-O
{[%clk 01:09:10]} {[%emt 00:02:41]} 15. Qd2 {[%clk 01:06:19]} {[%emt 00:03:56]}
Bc7 {[%clk 01:04:37]} {[%emt 00:05:03]} 16. Qg5 {[%clk 01:00:27]} {[%emt
00:06:21]} Rb8 {[%clk 00:58:56]} {[%emt 00:06:13]} 17. Qxf6 {[%clk 01:00:39]}
{[%emt 00:00:17]} Rxf6 {[%clk 00:59:04]} {[%emt 00:00:22]} 18. b3 {[%clk
00:58:47]} {[%emt 00:02:22]} Be5 {[%clk 00:57:38]} {[%emt 00:01:56]} 19. c3
{[%clk 00:58:50]} {[%emt 00:00:27]} Nxc3 {[%clk 00:56:38]} {[%emt 00:01:30]}
20. Nxc3 {[%clk 00:55:17]} {[%emt 00:04:03]} Bxc3 {[%clk 00:56:49]} {[%emt
00:00:20]} 21. Bf4 {[%clk 00:54:15]} {[%emt 00:01:32]} Bxa1 {[%clk 00:53:18]}
{[%emt 00:04:01]} 22. Bxb8 {[%clk 00:53:59]} {[%emt 00:00:46]} Bd4 {[%clk
00:52:14]} {[%emt 00:01:33]} 23. b4 {[%clk 00:52:29]} {[%emt 00:02:01]} Nb7
{[%clk 00:48:43]} {[%emt 00:03:57]} 24. Bc4+ {[%clk 00:49:21]} {[%emt
00:03:42]} Kh8 {[%clk 00:45:04]} {[%emt 00:04:09]} 25. Re1 {[%clk 00:49:11]}
{[%emt 00:00:39]} Rf8 {[%clk 00:34:15]} {[%emt 00:11:19]} 26. Ba6 {[%clk
00:38:09]} {[%emt 00:11:32]} Rd8 {[%clk 00:21:21]} {[%emt 00:13:22]} 27. Bc7
{[%clk 00:37:48]} {[%emt 00:00:54]} Rf8 {[%clk 00:20:36]} {[%emt 00:01:14]} 28.
Be5 {[%emt 00:09:32]} Bxe5 {[%clk 00:18:10]} {[%emt 00:00:03]} 29. Rxe5 {[%clk
00:31:53]} {[%emt 00:00:16]} f4 {[%clk 00:17:40]} {[%emt 00:01:00]} 30. Ne4
{[%clk 00:31:20]} {[%emt 00:01:03]} h6 {[%clk 00:15:52]} {[%emt 00:02:19]} 31.
Re7 {[%clk 00:29:49]} {[%emt 00:02:01]} Rd8 {[%clk 00:15:36]} {[%emt 00:00:46]}
32. f3 {[%clk 00:29:15]} {[%emt 00:01:03]} Rd1+ {[%clk 00:08:22]} {[%emt
00:07:45]} 33. Kf2 {[%clk 00:29:37]} {[%emt 00:00:09]} Nd6 {[%clk 00:07:15]}
{[%emt 00:01:37]} 34. Bxc8 {[%clk 00:29:53]} {[%emt 00:00:14]} Nxe4+ {[%clk
00:06:19]} {[%emt 00:01:26]} 35. Rxe4 {[%clk 00:30:15]} {[%emt 00:00:07]} Rd2+
{[%clk 00:06:11]} {[%emt 00:00:38]} 36. Re2 {[%clk 00:30:39]} {[%emt 00:00:06]}
Rxe2+ {[%clk 00:06:34]} {[%emt 00:00:08]} 37. Kxe2 {[%clk 00:31:04]} {[%emt
00:00:04]} Kg8 {[%clk 00:06:39]} {[%emt 00:00:25]} 38. Bb7 {[%clk 00:31:17]}
{[%emt 00:00:17]} Kf7 {[%clk 00:06:59]} {[%emt 00:00:09]} 39. Bxc6 {[%clk
00:31:43]} {[%emt 00:00:05]} Ke6 {[%clk 00:07:21]} {[%emt 00:00:08]} 40. g4
{[%clk 00:31:34]} {[%emt 00:00:39]} g5 {[%clk 00:07:07]} {[%emt 00:00:44]} 41.
Kd3 {[%clk 00:31:47]} {[%emt 00:00:18]} Kd6 {[%clk 00:07:12]} {[%emt 00:00:25]}
42. Be4 {[%clk 00:32:09]} {[%emt 00:00:07]} Kc7 {[%clk 00:07:12]} {[%emt
00:00:30]} 43. a4 {[%clk 00:32:29]} {[%emt 00:00:11]} Kb6 {[%clk 00:07:32]}
{[%emt 00:00:10]} 44. Kd4 {[%clk 00:32:53]} {[%emt 00:00:06]} a6 {[%clk
00:07:29]} {[%emt 00:00:31]} 45. Ke5 {[%clk 00:33:16]} {[%emt 00:00:08]} a5
{[%clk 00:07:40]} {[%emt 00:00:20]} 46. bxa5+ {[%clk 00:33:39]} {[%emt
00:00:07]} Kxa5 {[%clk 00:08:05]} {[%emt 00:00:05]} 47. Kf5 {[%clk 00:34:00]}
{[%emt 00:00:09]} Kxa4 {[%clk 00:08:19]} {[%emt 00:00:16]} 48. Kg6 {[%clk
00:34:26]} {[%emt 00:00:04]} Kb4 {[%clk 00:08:41]} {[%emt 00:00:08]} 49. Kxh6
{[%clk 00:34:49]} {[%emt 00:00:07]} Kc4 {[%clk 00:09:04]} {[%emt 00:00:08]} 50.
Kxg5 {[%clk 00:35:16]} {[%emt 00:00:03]} Kd4 {[%clk 00:09:19]} {[%emt
00:00:15]} 51. Kxf4 {[%clk 00:35:41]} {[%emt 00:00:05]} Kc4 {[%clk 00:09:38]}
{[%emt 00:00:11]} 52. g5 {[%clk 00:36:06]} {[%emt 00:00:05]} Kd4 {[%clk
00:10:04]} {[%emt 00:00:05]} 53. g6 {[%clk 00:36:32]} {[%emt 00:00:04]} Kc4
{[%clk 00:10:29]} {[%emt 00:00:05]} 54. g7 {[%clk 00:36:59]} {[%emt 00:00:03]}
Kd4 {[%clk 00:10:46]} {[%emt 00:00:12]} 55. g8=Q {[%clk 00:37:18]} {[%emt
00:00:10]} Kc3 {[%clk 00:11:09]} {[%emt 00:00:07]} 56. Qc8+ {[%clk 00:37:41]}
{[%emt 00:00:08]} Kd4 {[%clk 00:11:31]} {[%emt 00:00:08]} 57. Qd7+ {[%clk
00:37:59]} {[%emt 00:00:12]} Kc4 {[%clk 00:11:54]} {[%emt 00:00:07]} 58. Qd5+
{[%clk 00:38:23]} {[%emt 00:00:06]} Kc3 {[%clk 00:12:18]} {[%emt 00:00:06]} 59.
Ke3 {[%clk 00:38:39]} {[%emt 00:00:13]} Kb4 {[%clk 00:12:41]} {[%emt 00:00:08]}
60. Qc6 {[%clk 00:39:00]} {[%emt 00:00:08]} 1-0

[Event "ODJM B 2025"]
[Site "Willingen GER"]
[Date "2025.06.09"]
[Round "3"]
[White "Storey, Cameron"]
[Black "Negru, Maximilian"]
[Result "0-1"]
[Termination "normal"]
[Board "1"]
[WhiteElo "1712"]
[BlackElo "1694"]
[WhiteClock "00:45:35"]
[BlackClock "00:23:01"]
[PlyCount "94"]
[WhiteFideId "343453929"]
[BlackFideId "16298136"]
[EventCountry "GER"]
[EventRounds "9"]
[EventType "swiss"]
[EventDate "2025.06.07"]

1. e4 {[%clk 01:30:58]} {[%emt 00:00:01]} e6 {[%clk 01:28:01]} {[%emt
00:03:00]} 2. b3 {[%clk 01:31:26]} {[%emt 00:00:02]} d5 {[%clk 01:27:53]}
{[%emt 00:00:38]} 3. Bb2 {[%clk 01:31:49]} {[%emt 00:00:07]} Nc6 {[%clk
01:26:59]} {[%emt 00:01:24]} 4. exd5 {[%clk 01:31:17]} {[%emt 00:01:01]} exd5
{[%clk 01:26:17]} {[%emt 00:01:13]} 5. Nf3 {[%clk 01:31:41]} {[%emt 00:00:06]}
Nf6 {[%clk 01:25:10]} {[%emt 00:01:37]} 6. Be2 {[%clk 01:29:54]} {[%emt
00:02:16]} Bd6 {[%clk 01:25:04]} {[%emt 00:00:36]} 7. O-O {[%clk 01:29:32]}
{[%emt 00:00:52]} O-O {[%clk 01:24:36]} {[%emt 00:00:58]} 8. Re1 {[%clk
01:29:25]} {[%emt 00:00:37]} Bf5 {[%clk 01:22:57]} {[%emt 00:02:09]} 9. a3
{[%clk 01:25:08]} {[%emt 00:04:47]} a6 {[%clk 01:18:55]} {[%emt 00:04:32]} 10.
d4 {[%clk 01:25:09]} {[%emt 00:00:29]} Ne4 {[%clk 01:16:24]} {[%emt 00:03:01]}
11. Nbd2 {[%clk 01:25:12]} {[%emt 00:00:27]} Re8 {[%clk 01:13:41]} {[%emt
00:03:13]} 12. c4 {[%clk 01:18:33]} {[%emt 00:07:09]} Bf4 {[%clk 01:05:43]}
{[%emt 00:08:28]} 13. Nf1 {[%clk 00:59:07]} {[%emt 00:19:56]} Na5 {[%clk
00:52:57]} {[%emt 00:13:16]} 14. g3 {[%clk 00:52:50]} {[%emt 00:06:46]} Bh6
{[%clk 00:52:06]} {[%emt 00:01:21]} 15. Kg2 {[%clk 00:50:22]} {[%emt 00:02:58]}
Qe7 {[%clk 00:42:31]} {[%emt 00:10:05]} 16. Nh4 {[%clk 00:41:00]} {[%emt
00:09:51]} Bh3+ {[%clk 00:41:32]} {[%emt 00:01:30]} 17. Kg1 {[%clk 00:41:09]}
{[%emt 00:00:21]} Nxf2 {[%clk 00:40:07]} {[%emt 00:01:56]} 18. Qc2 {[%clk
00:40:57]} {[%emt 00:00:42]} Qf6 {[%clk 00:26:25]} {[%emt 00:14:11]} 19. Bf3
{[%clk 00:37:56]} {[%emt 00:03:31]} Ne4 {[%clk 00:12:46]} {[%emt 00:14:09]} 20.
Bxe4 {[%clk 00:37:34]} {[%emt 00:00:52]} Rxe4 {[%clk 00:12:21]} {[%emt
00:00:55]} 21. Rxe4 {[%emt 00:01:36]} dxe4 {[%clk 00:12:41]} {[%emt 00:00:08]}
22. b4 {[%clk 00:34:34]} {[%emt 00:02:25]} Nc6 {[%clk 00:09:20]} {[%emt
00:03:51]} 23. Qxe4 {[%clk 00:31:52]} {[%emt 00:03:11]} Qe6 {[%clk 00:07:30]}
{[%emt 00:02:21]} 24. Qxe6 {[%clk 00:27:56]} {[%emt 00:04:25]} fxe6 {[%clk
00:07:54]} {[%emt 00:00:06]} 25. Re1 {[%clk 00:28:19]} {[%emt 00:00:07]} Rf8
{[%clk 00:07:51]} {[%emt 00:00:34]} 26. Ng2 {[%clk 00:27:59]} {[%emt 00:00:49]}
Rf3 {[%clk 00:05:17]} {[%emt 00:03:05]} 27. d5 {[%clk 00:26:46]} {[%emt
00:01:43]} Nd8 {[%clk 00:03:55]} {[%emt 00:01:52]} 28. c5 {[%clk 00:25:57]}
{[%emt 00:01:19]} Rd3 {[%clk 00:03:46]} {[%emt 00:00:39]} 29. dxe6 {[%clk
00:24:05]} {[%emt 00:02:23]} Nxe6 {[%clk 00:03:50]} {[%emt 00:00:26]} 30. Nfe3
{[%clk 00:24:08]} {[%emt 00:00:26]} Nd4 {[%clk 00:02:28]} {[%emt 00:01:53]} 31.
Bxd4 {[%clk 00:20:12]} {[%emt 00:04:26]} Rxd4 {[%clk 00:02:51]} {[%emt
00:00:07]} 32. Kf2 {[%clk 00:19:22]} {[%emt 00:01:20]} Rd2+ {[%clk 00:02:12]}
{[%emt 00:01:09]} 33. Kf3 {[%clk 00:18:55]} {[%emt 00:00:56]} Bxg2+ {[%clk
00:02:18]} {[%emt 00:00:25]} 34. Nxg2 {[%clk 00:19:11]} {[%emt 00:00:14]} Rd3+
{[%clk 00:02:36]} {[%emt 00:00:12]} 35. Kg4 {[%clk 00:18:37]} {[%emt 00:01:02]}
Kf7 {[%clk 00:02:26]} {[%emt 00:00:41]} 36. Nf4 {[%clk 00:17:40]} {[%emt
00:01:26]} Bxf4 {[%clk 00:02:25]} {[%emt 00:00:32]} 37. Kxf4 {[%clk 00:18:00]}
{[%emt 00:00:10]} Rxa3 {[%clk 00:02:44]} {[%emt 00:00:11]} 38. Rb1 {[%clk
00:18:24]} {[%emt 00:00:06]} Kf6 {[%clk 00:02:05]} {[%emt 00:01:10]} 39. h4
{[%clk 00:18:34]} {[%emt 00:00:19]} Rc3 {[%clk 00:02:14]} {[%emt 00:00:21]} 40.
Rb2 {[%clk 00:17:38]} {[%emt 00:01:26]} c6 {[%clk 00:01:23]} {[%emt 00:01:21]}
41. Re2 {[%clk 00:15:11]} {[%emt 00:02:57]} h6 {[%clk 00:24:25]} {[%emt
00:07:28]} 42. Re4 {[%clk 00:45:36]} {[%emt 00:00:04]} g5+ {[%clk 00:23:38]}
{[%emt 00:01:17]} 43. hxg5+ {[%clk 00:45:55]} {[%emt 00:00:11]} hxg5+ {[%clk
00:24:03]} {[%emt 00:00:06]} 44. Kg4 {[%clk 00:46:17]} {[%emt 00:00:08]} Rb3
{[%clk 00:24:04]} {[%emt 00:00:29]} 45. Rc4 {[%clk 00:45:32]} {[%emt 00:01:15]}
Ke5 {[%clk 00:22:22]} {[%emt 00:02:12]} 46. Kxg5 {[%clk 00:45:12]} {[%emt
00:00:50]} Rxg3 {[%clk 00:22:46]} {[%emt 00:00:07]} 47. Kh4 {[%clk 00:45:35]}
{[%emt 00:00:06]} Re3 {[%clk 00:23:01]} {[%emt 00:00:15]} 0-1

[Event "ODJM B 2025"]
[Site "Willingen GER"]
[Date "2025.06.09"]
[Round "3"]
[White "Lieb, Max"]
[Black "Rutkowski, Lian"]
[Result "1-0"]
[Termination "normal"]
[Board "3"]
[WhiteElo "1743"]
[BlackElo "1815"]
[WhiteClock "00:07:16"]
[BlackClock "00:37:03"]
[PlyCount "59"]
[WhiteFideId "34630651"]
[BlackFideId "34650539"]
[EventCountry "GER"]
[EventRounds "9"]
[EventType "swiss"]
[EventDate "2025.06.07"]

1. d4 {[%clk 01:30:56]} {[%emt 00:00:03]} Nf6 {[%clk 01:30:56]} {[%emt
00:00:05]} 2. c4 {[%clk 01:31:10]} {[%emt 00:00:16]} e6 {[%clk 01:31:21]}
{[%emt 00:00:05]} 3. Nf3 {[%clk 01:31:32]} {[%emt 00:00:08]} d5 {[%clk
01:31:45]} {[%emt 00:00:06]} 4. g3 {[%clk 01:31:56]} {[%emt 00:00:06]} Bb4+
{[%clk 01:32:11]} {[%emt 00:00:04]} 5. Bd2 {[%clk 01:32:21]} {[%emt 00:00:05]}
Be7 {[%clk 01:32:37]} {[%emt 00:00:05]} 6. Bg2 {[%clk 01:32:28]} {[%emt
00:00:23]} O-O {[%clk 01:33:01]} {[%emt 00:00:05]} 7. O-O {[%clk 01:32:48]}
{[%emt 00:00:10]} Nbd7 {[%clk 01:33:27]} {[%emt 00:00:04]} 8. Qc2 {[%clk
01:32:58]} {[%emt 00:00:20]} c6 {[%clk 01:33:53]} {[%emt 00:00:05]} 9. Rd1
{[%clk 01:33:21]} {[%emt 00:00:07]} b6 {[%clk 01:33:55]} {[%emt 00:00:28]} 10.
Nc3 {[%clk 01:33:43]} {[%emt 00:00:08]} Bb7 {[%clk 01:33:37]} {[%emt 00:00:47]}
11. e4 {[%clk 01:33:34]} {[%emt 00:00:39]} dxc4 {[%clk 01:31:59]} {[%emt
00:02:09]} 12. e5 {[%clk 01:32:43]} {[%emt 00:01:21]} Nd5 {[%clk 01:32:00]}
{[%emt 00:00:29]} 13. Ne4 {[%clk 01:32:36]} {[%emt 00:00:37]} b5 {[%clk
01:30:08]} {[%emt 00:02:23]} 14. Neg5 {[%clk 01:30:56]} {[%emt 00:02:10]} g6
{[%clk 01:30:20]} {[%emt 00:00:18]} 15. h4 {[%clk 01:30:00]} {[%emt 00:01:25]}
c5 {[%clk 01:23:33]} {[%emt 00:07:18]} 16. h5 {[%clk 01:28:05]} {[%emt
00:02:25]} cxd4 {[%clk 01:22:04]} {[%emt 00:02:00]} 17. hxg6 {[%clk 01:27:41]}
{[%emt 00:00:53]} hxg6 {[%clk 01:22:23]} {[%emt 00:00:11]} 18. Qe4 {[%clk
01:10:38]} {[%emt 00:17:33]} Kg7 {[%clk 01:15:39]} {[%emt 00:07:14]} 19. Qxd4
{[%clk 00:43:40]} {[%emt 00:27:28]} Nc5 {[%clk 01:03:43]} {[%emt 00:12:26]} 20.
Qg4 {[%clk 00:30:15]} {[%emt 00:13:55]} Nd3 {[%clk 01:03:10]} {[%emt 00:01:03]}
21. Nd4 {[%clk 00:25:05]} {[%emt 00:05:40]} Bc8 {[%clk 00:52:36]} {[%emt
00:11:04]} 22. Nc6 {[%clk 00:15:23]} {[%emt 00:10:12]} Qc7 {[%clk 00:52:29]}
{[%emt 00:00:36]} 23. Nxe7 {[%clk 00:15:23]} {[%emt 00:00:31]} Qxe7 {[%clk
00:52:46]} {[%emt 00:00:13]} 24. Qd4 {[%clk 00:13:02]} {[%emt 00:02:51]} Bb7
{[%clk 00:49:42]} {[%emt 00:03:34]} 25. Ne4 {[%clk 00:12:15]} {[%emt 00:01:17]}
Qc7 {[%clk 00:39:19]} {[%emt 00:10:53]} 26. Nd6 {[%clk 00:10:30]} {[%emt
00:02:15]} Bc6 {[%clk 00:38:26]} {[%emt 00:01:23]} 27. Bg5 {[%clk 00:07:02]}
{[%emt 00:03:58]} Rh8 {[%clk 00:37:23]} {[%emt 00:01:32]} 28. Bxd5 {[%clk
00:07:01]} {[%emt 00:00:32]} Rh1+ {[%clk 00:37:20]} {[%emt 00:00:33]} 29. Bxh1
{[%clk 00:07:16]} {[%emt 00:00:15]} Bxh1 {[%clk 00:37:03]} {[%emt 00:00:46]}
30. Bf6+ {[%emt 00:01:03]} 1-0